| 000 | 00663nam a2200229 i 4500 | ||
|---|---|---|---|
| 001 | 71813 | ||
| 003 | ES-MaACL | ||
| 005 | 20230906171234.0 | ||
| 007 | t| | ||
| 008 | 040819s1977 sp ||||1| cat d | ||
| 100 | 1 |
_aGiardiello, Gianni. _956624 |
|
| 245 | 1 | 4 |
_aEls instruments per a la recerca / _cGianni Giardiello i B. Chiessa ; [traducció, Miguel Adrover]. |
| 250 | _a[1ª ed.]. | ||
| 260 |
_a[Barcelona : _bAvance, _c1977] |
||
| 300 |
_a163 p. ; _c20 cm. |
||
| 490 | 1 | _aL'Avenc | |
| 700 | 0 |
_aAdrover, Miquel. _918486 |
|
| 700 | 1 |
_aChiessa, B. _938510 |
|
| 830 | 0 |
_aL'Avenc _9231091 |
|
| 852 |
_aES-MaACL _jA-7431 _bR.96702 |
||
| 999 |
_c71813 _d71813 |
||